000 00705nam a2200289Ia 4500
005 20260324140239.0
008 008 260324s9999 xx 000 0 eng d
020 _a9780203029305
037 _aEBOOK
040 _aCRL
040 _beng
040 _cCRL
041 _2eng
041 _aeng
084 _qCRL
100 _aJoanna Bruck; Melissa Goodman
_91203674
245 0 _aMaking Places in the Prehistoric World
245 0 _bThemes in Settlement Archaeology
260 _bTaylor and Francis
260 _c1999
365 _a
365 _b185
856 _uhttp://www.taylorfrancis.com/books/9780203029305
942 _cEBOOK
999 _c1805559
_d1805559